| 000 | 00544nam a22001817a 4500 | ||
|---|---|---|---|
| 999 |
_c190662 _d190662 |
||
| 005 | 20220802113927.0 | ||
| 010 | _aENG-134134 | ||
| 020 |
_a9788193186145 _c499.00 |
||
| 035 | _aEN-117666 | ||
| 037 | _bDBAD/PUB | ||
| 082 | _aS | ||
| 100 | _aSavita B.Singh | ||
| 245 |
_aThe Road and the Lamp: _cby Savita B.Singh _bthe sparkle on the travelling soul/ |
||
| 260 |
_aPune(Maharashtra) _bLeaf Press _c2017 |
||
| 270 |
_a605,Classic Exotica,Kondhwa Khurd, _bPune(Maharashtra) _e411048 |
||
| 300 |
_a282p. _c20cm(pbk} |
||
| 942 |
_2ddc _cEN _hS _mSAV |
||